| 000 | 00891nas a2200289 4500 | ||
|---|---|---|---|
| 001 | BR2015006402 | ||
| 003 | BR-BrBNA | ||
| 005 | 20231205130639.0 | ||
| 007 | ta | ||
| 008 | 230509b bl.|||p| |||| 00| 00por d | ||
| 040 |
_aBR-BrBNA _bpor _cBiblioteca Nacional de Agricultura |
||
| 041 | _a(Pt) | ||
| 072 | _aU40 | ||
| 100 | 1 | _aSarmiento, C.M. | |
| 100 | 1 | _aRamirez, G.M. | |
| 100 | 1 | _aColtri, P.P. | |
| 100 | 1 | _aSilva, L.F.L. e | |
| 100 | 1 | _aNassur, O.A.C. | |
| 100 | 1 | _aSoares, J.F. | |
| 245 | 1 | _aComparação de classificadores supervisionados na discriminação de áreas cafeeiras em Campos Gerais - Minas Gerais | |
| 650 | _aCAFEICULTURA | ||
| 650 | _aSENSORIAMENTO REMOTO | ||
| 650 | _aMAPA | ||
| 773 | 0 |
_tCoffee Science (Brazil) _xISSN 1809-6875 _g(Oct-Dec 2014), v. 9(4) p. 546-557 _wBR2015006402 |
|
| 909 |
_a202311 _bLúcia _c55 _dLúcia Elande |
||
| 942 |
_2AGRIS _n0 _cANA |
||
| 999 |
_c250514 _d250514 |
||